|
|
|
|
| LEADER |
00859nam a22002297a 4500 |
| 001 |
1848 |
| 003 |
BD-DhAAL |
| 005 |
20141123144148.0 |
| 008 |
141123s1983 ii a|||| |||| 00| 0 eng d |
| 020 |
|
|
|a 0706921364
|
| 040 |
|
|
|a BD-DhAAL
|c BD-DhAAL
|
| 082 |
|
|
|2 22
|a 304.60954
|
| 100 |
|
|
|a Shrivastava, O. S. (Omkar Sharan)
|d 1936-
|9 6114
|
| 245 |
|
|
|a A textbook of demography :
|b with economics of manpower supply & manpower demand.
|c O S Shrivastava
|
| 260 |
|
|
|a New Delhi :
|b Vikas Publishing House PVT Ltd,
|c 1983.
|
| 300 |
|
|
|a x, 408 p. :
|b ill. ;
|c 22 cm.
|
| 541 |
|
|
|e 1848
|
| 650 |
|
|
|a Demography
|z India
|9 6115
|
| 852 |
|
|
|a Ayesha Abed Library
|c General Stacks
|
| 942 |
|
|
|2 ddc
|c BK
|
| 999 |
|
|
|c 33099
|d 33099
|
| 952 |
|
|
|0 0
|1 0
|2 ddc
|4 0
|6 304_609540000000000_SHR
|7 0
|9 44173
|a BRACUL
|b BRACUL
|c GEN
|d 2014-11-23
|g 115.00
|l 0
|o 304.60954 SHR
|p 3010001848
|r 2014-11-23
|t 1
|w 2014-11-23
|y BK
|